000 01222nam a2200301Ia 4500
001 ebr2001720
003 CaPaEBR
006 m u
007 cr cn|||||||||
008 030215s2001 enk s 000 1 eng d
020 _z1901843173
040 _aCaPaEBR
_cCaPaEBR
035 _a(OCoLC)70733307
050 1 4 _aPR4349
_b.B7 2001eb
100 1 _aButler, Samuel,
_d1835-1902.
245 1 0 _aSelected essays
_h[electronic resource] /
_cSamuel Butler; with a sketch of the life of Samuel Butler by Henry Festig Jones.
260 _aLondon :
_bElectric Book Co.,
_cc2001.
300 _a200 p.
500 _a"Transcribed by R. N. Robinson from the Traveller's Library Edition, Jonathan Cape, London 1927.
533 _aElectronic reproduction.
_bPalo Alto, Calif. :
_cebrary,
_d2009.
_nAvailable via World Wide Web.
_nAccess may be limited to ebrary affiliated libraries.
600 0 0 _aHomer.
600 1 0 _aButler, Samuel,
_d1835-1902.
650 0 _aEssays.
655 7 _aElectronic books.
_2local
700 1 _aJones, Henry Festing,
_d1851-1928.
710 2 _aebrary, Inc.
856 4 0 _uhttp://site.ebrary.com/lib/rucke/Doc?id=2001720
_zAn electronic book accessible through the World Wide Web; click to view
999 _c230538
_d230538